000
00237nam a22001097a 4500
082
_a
005.1 VAX'D
100
_a
DIGITAL
_9
25733
245
_a
VAX ARCHITECTURE HANDBOOK
260
_a
NEWYORK
_b
DIGITAL
_c
1981
300
_a
506P
942
_c
BK
999
_c
579364
_d
579364